| 000 | 00784nam a2200193Ia 4500 | ||
|---|---|---|---|
| 005 | 20260119152545.0 | ||
| 008 | 210303s9999 xx 000 0 und d | ||
| 016 | _2reto2022b | ||
| 040 |
_aNLN _bEnglish _eAACR2 |
||
| 050 |
_aHE5707.7 _b.O35 |
||
| 082 | _a354.6692 | ||
| 110 |
_aOGUN State (Nigeria) Ministry of Finance and Economic Development Statistics Division. _959947 |
||
| 245 | 2 |
_aA summary of current motor statistics- Jan. - Dec. 1977 / _cOgun State (Nigeria), Ministry of Finance and Economic Development. Statistics Division. |
|
| 260 |
_aAkure : _bStatistics Division, Ministry of Finance and Economic Development, _c(1978?) |
||
| 300 |
_aV. ; _b33cm |
||
| 563 | _a(pbk) | ||
| 650 |
_aMotor vehicles _vNigeria (Ogun State) _xStatistics _xPeriodicals _969290 |
||
| 942 | _cBK | ||
| 999 |
_c23741 _d23741 |
||